[Event "St Petersburg-ch"]
[Site "St Petersburg"]
[Date "2001.04.11"]
[Round "2"]
[White "Kashtanov, Ruslan"]
[Black "Polaninov, Aleksy"]
[Result "1-0"]
[WhiteElo "2412"]
[BlackElo "2359"]
[Annotator "Gofshtein,L"]
[PlyCount "81"]
[EventDate "2001.04.10"]
[EventType "tourn"]
[EventRounds "11"]
[EventCountry "RUS"]
[EventCategory "9"]
[SourceTitle "CBM 083"]
[Source "ChessBase"]
[SourceDate "2001.07.05"]
[SourceVersion "1"]
[SourceVersionDate "2001.07.05"]
[SourceQuality "1"]

1. e4 c5 2. Nf3 Nc6 3. d4 cxd4 4. Nxd4 Nf6 5. Nc3 d6 6. Bc4 Bd7 7. Nxc6 (7. f4
Rc8 8. Bb3 Qa5 9. Nxc6 bxc6 $6 (9... Bxc6 $5 10. Bd2 Qb4 $132) 10. Qe2 d5 11.
Bd2 dxe4 12. Nxe4 Qc7 13. Nxf6+ gxf6 14. Qh5 $36 {1-0 Planinc,A-Masic,L/Novi
Travnik 1969/EXT 2000 (23)}) (7. f3 $5 Rc8 8. Bb3 g6 9. Be3 Bg7 {0-1 Debarnot,
R-Pelikan,J/Buenos Aires 1968/MCD (46) This position could be occured with
another move order from dragon variation}) (7. h3 Nxd4 8. Qxd4 g6 9. O-O Bg7
10. Be3 O-O 11. Qd3 Qa5 12. Bd4 Bc6 13. a3 $14 {1-0 Ciric,D-Tal,M/Wijk aan Zee
1968/MCL (40)}) 7... Bxc6 (7... bxc6 $5 8. O-O e6 9. Bg5 (9. Qe2 Be7 10. b3 d5
11. Bd3 d4 12. Na4 c5 13. Nb2 Bc6 14. Nc4 Qc7 15. f4 Nd7 16. Bd2 Rc8 $132 {
0-1 Hernandez,G-Kortschnoj,V/Moscow 1994/CBM 45/]}) (9. Bf4 e5 10. Bg5 h6 11.
Bh4 g5 12. Bg3 h5 13. f3 h4 $132 {[#]. 1/2-1/2 Wang Yu-Matnadze,A/Oropesa del
Mar 2000/EXT 2001 (49)}) (9. Bd3 d5 10. Qe2 Be7 11. e5 Ng8 12. Qg4 g6 13. Re1
h5 14. Qg3 Nh6 $132 {0-1 Colovic,A-Cicak,S/Sitges 1996/EXT 99 (28)}) 9... Qa5
10. Bxf6 gxf6 $13 {1-0 Jackova,J-Matnadze,A/Oropesa del Mar 1999/CBM 72 ext 
(47) Pair of bishops gives black certain  compensation for the weaknesses.}) 8.
Qe2 (8. Qd3 Nxe4 $5 $132) (8. f3 e6 9. Bb3) 8... e6 (8... Nxe4 $5 9. Nxe4 (9.
Bxf7+ Kxf7 10. Nxe4 Qa5+ 11. c3 Qf5 $11) 9... d5 10. Bb5 dxe4 11. Bxc6+ $14
bxc6) (8... g6 9. Bg5 (9. O-O Bg7 10. Rd1 O-O 11. e5 Ne8 12. Bf4 $36 {1/2-1/2
Bubalovic,D-Komljenovic,D/Tucepi 1996/EXT 98 (38)}) 9... Bg7 10. O-O-O Qa5 (
10... Qc7 11. h4 Rc8 12. Bb3 h5 13. f3 a6 14. Rhe1 Nd7 15. Nd5 Bxd5 16. exd5
$36 {1-0 Aarthie,R-Matnadze,A/Oropesa del Mar 1999/CBM 72 ext (44)}) 11. h4 (
11. Nd5 Bxd5 12. exd5 O-O 13. Rhe1 (13. Bb3 Rfe8 14. h4 b5 15. h5 Qb6 16. hxg6
hxg6 17. Rh4 $40 {1/2-1/2 Polgar,J-Levitina,I/Thessaloniki 1988/EXT 97 (80)})
13... b5 14. Bb3 Rfe8 15. Bd2 Qb6 16. Be3 Qb7 17. Bd4 Nd7 18. h4 Bxd4 19. Rxd4
Nc5 20. h5 $40 {1-0 Gross,D-Roth,J/Berlin 1998/CBM 66 ext (29)}) 11... O-O 12.
Kb1 Rfc8 13. Bb3 b5 14. h5 b4 15. Nd5 Bxd5 16. exd5 e5 17. hxg6 hxg6 18. Qf3
Nd7 19. Qh3 f5 20. g4 f4 21. Bh6 {1-0 Hernandez,G-Armas,J/Matanzas 1992/CBM 29
ext (21)}) 9. Bf4 {[%csl Rd6][%cal Yf4d6]} Qa5 10. O-O-O Rd8 $6 (10... Be7 $5
11. Bxd6 Bxd6 12. Rxd6 Qg5+ 13. Qd2 Qxg2 $132) (10... O-O-O $5 11. Bb3 Be7 12.
Kb1 Rd7 13. Rd3 Rhd8 {0-1 Lein,A-Averbakh,Y/Baku 1961/URS-ch (55)}) 11. Nd5 $1
{this tipical knight's jump gives for white a strong pressure.} Rd7 (11... Nd7
$2 12. Bd2 $18) 12. Nxf6+ gxf6 13. Rd3 b5 (13... Qc5 $5 {[%csl Rd6][%cal Yc5d6]
}) 14. Bb3 b4 15. Rhd1 {[%csl Rd6][%cal Yd3d6,Yd1d6]} Qb5 (15... Bb5 16. Qh5 e5
17. Rd5 $16) (15... Qc5) 16. Bd5 Bxd5 (16... exd5 17. exd5+ Re7 18. Qd2 Bb7 19.
Bxd6 $36) 17. exd5 Qc4 (17... e5 18. Kb1 Rc7 $132) 18. Bg3 e5 19. Kb1 h5 20. h3
f5 21. Re1 Bg7 22. Qf3 Rc7 23. Re2 h4 24. Bh2 f4 $2 (24... Rc5 $5 25. b3 Qb5
26. Qxf5 Rxd5 27. Qc8+ Ke7 28. Qc7+ Ke6 $13) 25. Qxf4 (25. Bxf4 $16) 25... Qxf4
26. Bxf4 $16 f5 $2 {This" active" move leads to loss.The normal 26.Kd7 wood
give for black good chances for resistance.} (26... Kd7 $5) 27. Bd2 {[%csl Rb4]
[%cal Rd2b4]} a5 28. a3 $1 {Black weaknesses are attacked right now.This
attack leads to success.} Rc4 29. axb4 a4 (29... axb4 30. Rb3 $18) 30. Rc3 (30.
Ra3 Rg8 31. Rxa4 Bf6 32. Ra8+ $18) 30... Rd4 (30... Rxc3 31. Bxc3 Kd7 32. Ka2
$18) 31. Rc7 $18 O-O 32. c4 a3 33. bxa3 Rd3 34. Bc1 e4 35. Bb2 Bxb2 36. Rxb2 f4
37. b5 e3 38. Re7 Rxa3 39. b6 Rfa8 40. fxe3 Rxe3 41. b7 1-0

[Event "Noyabrsk Fakel Jamala"]
[Site "Noyabrsk"]
[Date "2003.11.26"]
[Round "9"]
[White "Brodsky, Michail"]
[Black "Itkis, Boris"]
[Result "1/2-1/2"]
[WhiteElo "2559"]
[BlackElo "2476"]
[Annotator "Gofshtein,L"]
[PlyCount "58"]
[EventDate "2003.11.18"]
[EventType "tourn"]
[EventRounds "11"]
[EventCountry "RUS"]
[EventCategory "10"]
[SourceTitle "CBM 099"]
[Source "ChessBase"]
[SourceDate "2004.03.30"]
[SourceVersion "1"]
[SourceVersionDate "2004.03.30"]
[SourceQuality "1"]

1. e4 c5 2. Nf3 d6 3. d4 cxd4 4. Nxd4 Nf6 5. Nc3 Bd7 {A relatively rare move.
Black still haven't decided which variation he'll play} 6. Bc4 Nc6 7. Bb3 g6 {
Now black transposes to dragon but in a slightly different modification. White
can't transpose to the usual lines with 8.Be3 because of 8...Ng4} 8. f3 Nxd4 9.
Qxd4 Bg7 10. Bg5 h6 $146 {Black chooses a new and pretty obligatory move, as
his pawn defence near the king is seriously weakened} (10... Qa5 11. Qd2 Rc8
12. O-O-O Rxc3 13. bxc3 O-O 14. Kb1 $6 (14. e5 $5 Qxe5 15. Rhe1 Qc5 16. Rxe7 d5
17. Qe3 Qa3+ 18. Kb1 $16) 14... Re8 15. Bh6 Bxh6 16. Qxh6 Qxc3 $132 {0-1 De
Firmian,N-Makarichev,S/Oslo 1984/MCL (40)}) (10... O-O 11. Qd2 b5 $132 {
1/2-1/2 Plachetka,J-Barczay,L/Trencianske Teplice 1979/MCD (11)} (11... b5 12.
a3 a5 $132 {1-0 Sareen,V-Efimov,I/Genova 2002/CBM 91 ext (28)})) 11. Be3 O-O
12. Qd2 Kh7 13. h4 b5 {[%mdl 512] A typical move. Black tries create a
counterplay on the queen side} 14. h5 $5 {White continues the attack. Black is
almost forced to give a pawn} (14. g4 b4 $132) 14... g5 15. Qd3 $1 {[%cal
Rd3h7,Rd3b5]} Kg8 $8 16. Nxb5 Qa5+ 17. Nc3 Rfc8 18. O-O-O {18.Bd4 deserved
attention later bringing the king to a safe place on f2. This way black
wouldn't have a target on the queen side} (18. Bd4 $5 Bc6 19. Kf2 $16) 18...
Be6 19. Kb1 {Defending the a2 pawn as 19...Bb3 was already threatened} Rab8 {
[%cal Rb8b3,Yb6a6,Yb8b6] Activizing the rook and planning to bring it to a6
via b6 sometimes} 20. Bd4 Rc6 {[%cal Rc6a6]} 21. Qe2 {[%cal Re4e5,Rc3d5]
Bringing the queen to a more comfortable place and creating the threat of a
breakthrough in the center by e4-e5} Nd7 {[%cal Rd7c5] A typical maneouvre for
the knight in the sicilian. Black brings another piece closer to the white king
} 22. Nd5 {White exchanges pieces trying to get the game to the technical part}
(22. Bxg7 Bxb3 23. cxb3 (23. Bd4 Bc4 $132) 23... Kxg7 24. g3 Nc5 25. f4 Nxb3 $1
$13) 22... Bxd5 23. exd5 (23. Bxd5 $4 Bxd4 24. Rxd4 Rxb2+ 25. Kxb2 Qc3+ 26. Kb1
(26. Kc1 Qa1+ $19) 26... Rb6+ $19) 23... Ra6 24. Qd2 {White wishes to exchange
pieces. 24.Qe7 was dangerous in view of 24...Nc5} (24. Qxe7 Nc5 $36) 24... Nc5
{Black can't avoid the exchange of queens without worsening his position} (
24... Rb4 25. Bxg7 Kxg7 26. a3 $16) 25. Qxa5 Rxa5 26. Rhe1 {[%cal Re1e7][%mdl
4096] Activizing the rook} Rb7 27. Bxg7 Kxg7 28. c4 $6 {Inaccuracy. 28.Rd4 was
the right way} (28. Rd4 $5 Rab5 29. Kc1 a5 30. Bc4 R5b6 (30... Rxb2 31. Bb3 $18
) 31. b3 $16) 28... Ra6 $5 {[%cal Ra6b6] Bringing the rook to the b-file} 29.
Rd2 (29. Bc2 Rab6 30. b3 a5 31. Kb2 a4 32. Kc3 axb3 33. axb3 Nxb3 34. Rb1 Nc5
35. Rxb6 Rxb6 $132 36. Rxe7) 29... Rab6 {Black's pieces are placed much more
actively then the white pieces. The rooks press over the b-file, the knight is
stronger than the bishop, that's why the opponents probably agreed to a draw}
1/2-1/2

[Event "Yerevan zt 1.5"]
[Site "Yerevan"]
[Date "2000.06.12"]
[Round "6"]
[White "Yegiazarian, Arsen"]
[Black "Ivanisevic, Ivan"]
[Result "1-0"]
[WhiteElo "2513"]
[BlackElo "2460"]
[Annotator "Gofshtein,L"]
[PlyCount "81"]
[EventDate "2000.06.07"]
[EventType "swiss"]
[EventRounds "9"]
[EventCountry "ARM"]
[SourceTitle "CBM 078"]
[Source "ChessBase"]
[SourceDate "2000.10.18"]
[SourceVersion "1"]
[SourceVersionDate "2000.10.18"]
[SourceQuality "1"]

{[%mdl 64]} 1. e4 c5 2. Nf3 Nc6 3. Nc3 d6 4. Bc4 Nf6 5. d4 cxd4 6. Nxd4 Qb6 7.
Nb3 e6 8. Bg5 {White tries to place his queenside bishop active.} (8. O-O Be7
9. Bg5 Ne5 10. Be2 O-O 11. Kh1 a6 (11... Bd7) 12. f4 Ng6 13. f5 Ne5 14. Qd2 Qc7
15. Rad1 $14 {Galdunc-Serper Herson 1991 -Inf.51/190}) 8... a6 9. O-O Ne5 10.
Be2 Be7 11. Kh1 {[%cal Gf2f4] with idea f4} h6 {in this position black has few
other possibilities. There are:} (11... Qc7 12. f4 Nc6 (12... Ned7 13. a4 b6
14. Bd3 (14. Bf3 Bb7 15. Qe1 h6 16. Bh4 e5 17. fxe5 dxe5 18. Nd5 Bxd5 19. exd5
Rc8 $132 {1/2-1/2 Tolnai,T-Stajcic,N/Budapest 1992/EXT 97 (56)}) 14... Bb7 15.
Qe2 h6 16. Bh4 g5 $5 17. Bg3 (17. fxg5 hxg5 18. Bxg5 d5 19. Bf4 Bd6 $44) 17...
gxf4 18. Rxf4 Ne5 19. Raf1 $36 {1-0 Minasian,A-Serper,G/Kherson 1991/CBM 21
ext (37)}) 13. Qe1 O-O 14. Bf3 Bd7 15. Qg3 Kh8 16. Rae1 Ne8 17. e5 f6 18. exf6
gxf6 19. Bh4 Ng7 20. Be4 d5 21. Bd3 $36 {1-0 Gonzales,E-Ziska,B/Novi Sad 1990/
TD (33)}) (11... h5 12. a4 (12. Bxf6 $2 Bxf6 13. Bxh5 Nc4 $17) 12... Bd7 13. a5
Qc7 14. f4 Ng6 15. Bf3 h4 16. Qe2 Ng8 $1 17. Bxe7 N8xe7 $132 {1-0 Brunner,
L-Lobron,E/Bern 1990/CBM 17/[Boensch,U] (51)}) (11... O-O 12. f4 Ng6 13. Bh5
Nxh5 14. Bxe7 Ng3+ 15. hxg3 Nxe7 16. Qd3 d5 {remis; Brunner,L - Gulko,B
München 1990}) (11... Ng6 12. f4 h6 13. Bxf6 Bxf6 14. Bh5 O-O 15. Qd3 Rd8 16.
Qg3 Ne7 17. Rad1 {1/2-1/2 Illescas Cordoba,M-Franco Ocampo,Z/Leon 1989/EXT 97 
(17)}) 12. Be3 Qc7 13. f4 Ned7 {another option, 13...Nc4, looks very dangerous
for black after:} (13... Nc4 14. Bxc4 Qxc4 15. e5 dxe5 16. fxe5 Nd5 (16... Ng4
17. Bd4 h5 18. h3 $18) (16... Nd7 17. Qh5 g6 18. Qh3 $16) 17. Nxd5 exd5 (17...
Qxd5 18. Qh5 g6 (18... O-O 19. Rf3 $40) 19. Qh3 $40) 18. Nd4 O-O 19. Qh5 $36 {
1-0 Rublevsky,S-Baikov,V/Azov 1991}) (13... Ng6 14. f5 $16) 14. a4 $5 $146 (14.
Bf3 e5 15. Bg4 Nb6 16. Bxc8 Rxc8 17. Nd2 O-O 18. Qf3 Nc4 19. Nxc4 Qxc4 $132 {
0-1 Wikner,A-Degerman,L/Haparanda 1994/EXT 2000 (36)}) 14... b6 15. Bf3 Bb7 16.
Qe1 {[%cal Re1g3,Yg3g7,Yg3e5]} h5 17. Bf2 {[%cal Yf2g3,Ye4e5] With idea Bg3
and e5} e5 18. fxe5 dxe5 19. Bh4 {[%csl Yd5][%cal Yc3d5,Yh4f6]} (19. Qe2 $5)
19... Bb4 {[%cal Yb4c3]} 20. Rd1 {[%cal Yd1d6]} Bxc3 21. bxc3 O-O-O $2 {
[%mdl 128] critical position in the game,black does not feel a  danger, and
after long castle white gets strong attack. Better, of course, was 21...Rc8.} (
21... Rc8 $5 22. Qg3 (22. Rd3 Bc6 $15 {[%cal Yc6a4]}) 22... O-O $132) 22. a5 $5
b5 23. Qe3 {[%cal Ye3a7]} Kb8 24. Rd3 $36 Rc8 25. Rfd1 {[%csl Yd7][%cal Rd1d7]}
Bc6 26. h3 Qa7 27. Qg5 {[%csl Re5,Rg7][%cal Rg5g7,Rg5e5]} Rh7 28. Bg3 {[%csl
Re5][%cal Yg3e5]} Qc7 29. Nc5 $1 $18 {[%cal Yc5a6,Yc5d7]} Ka7 30. Nxd7 Nxd7 31.
Qe7 $1 Nf8 32. Qc5+ Ka8 33. Rd6 Ne6 34. Qxe5 Qb7 35. Bxh5 f6 36. Qxe6 Rxh5 37.
Rxc6 Qxc6 38. Rd6 Qc5 39. Rxa6+ Kb7 40. Rb6+ Ka8 41. Qd7 1-0

[Event "American Continental 2nd"]
[Site "Buenos Aires"]
[Date "2003.08.18"]
[Round "2"]
[White "Zambrana, Oswaldo"]
[Black "Morovic Fernandez, Ivan"]
[Result "0-1"]
[WhiteElo "2404"]
[BlackElo "2573"]
[Annotator "Gofshtein,L"]
[PlyCount "64"]
[EventDate "2003.08.17"]
[EventType "swiss"]
[EventRounds "11"]
[EventCountry "ARG"]
[SourceTitle "CBM 097"]
[Source "ChessBase"]
[SourceDate "2003.11.11"]
[SourceVersion "1"]
[SourceVersionDate "2003.11.11"]
[SourceQuality "1"]

1. e4 c5 2. Nf3 d6 3. d4 cxd4 4. Nxd4 Nf6 5. Nc3 Nc6 6. Bc4 Qb6 7. Nb3 {
This is one of a few possible moves. Other moves are: 7.Ndb5, 7.Nc6, 7.Nde2} e6
8. Bg5 {A more common development of the bishop is to e3, for example} (8. O-O
Be7 9. Be3 Qc7 10. f4 O-O (10... a6 11. Bd3 b5 12. Qf3 Bb7 13. Rae1 O-O 14. g4
b4 15. Ne2 d5 16. e5 Ne4 $132 {0-1 Zaitsev,I-Tukmakov,V/Riga 1970/URS-ch (41)})
11. Bd3 a6 12. g4 b5 13. g5 Ne8 14. Qh5 g6 15. Qh6 f5 16. exf5 gxf5 17. Nd4 $36
{1-0 Fischer,R-Saidy,A/New York 1966/MCD (40)}) 8... Ne5 9. Be2 Be7 10. O-O a6
11. a4 $5 {A useful prodilactic move, preventing from black b7-b5} (11. Be3 Qc7
12. f4 Nc4 13. Bxc4 Qxc4 14. e5 Ne4 15. Bd4 Nxc3 16. bxc3 dxe5 17. fxe5 O-O 18.
Nd2 Qd5 $132 {1-0 Brunner,L-Verat,L/Clichy 1991/TD (30)}) 11... Qc7 (11... O-O
12. a5 (12. Kh1 Qc7 13. f4 Ng6 14. Qd2 b6 15. Nd4 Re8 16. Rae1 Bb7 17. f5 Nf8
18. fxe6 fxe6 19. Bf3 $16 {1/2-1/2 Kindermann,S-Banas,J/Stary Smokovec 1986/
EXT 97 (32)}) 12... Qc7 13. f4 Ned7 14. Kh1 h6 15. Bh4 Nc5 16. Nxc5 Qxc5 17.
Bf3 Qc7 18. Bf2 Bd7 19. Na4 Bc6 $14 {1/2-1/2 Tolnai,T-Gostisa,L/Maribor 1993/
CBM 36 (49)}) 12. f4 Ned7 13. Bf3 $6 {This configuration of white's pieces
makes it difficult for white to create an attack on the black king. If white
wants to attack he should place his bishop on d3} Rb8 14. a5 $6 {Now it is
easier for black to create a counterplay on the queenside by b5 or b6} (14. Qe2
$5) 14... O-O 15. Qe2 b5 16. axb6 (16. Rae1 b4 17. Nd1 h6 18. Bh4 e5 19. f5 Nc5
$132) 16... Nxb6 $132 {[%cal Rb6c4] Black has a comfortable position now} 17.
e5 {White already must think about defence. Black threatened 17...Nc4 and also
to advance the pawn to e5} (17. Na5 h6 18. Bh4 e5 $5 (18... Nxe4 19. Bxe7 Nxc3
20. Qd3 Qxe7 21. Nc6 Qc7 22. Nxb8)) 17... dxe5 18. fxe5 Nfd5 19. Nxd5 Nxd5 20.
Bxd5 $6 {A dubious move. Black gets a pair of bishops and a total control of
the initiative. The simple 20.Be7 deserved a serious attention, not letting
black to get a pair of bishops} (20. Bxe7 $5 Nxe7 21. Be4) 20... Bxg5 21. Bc4
a5 22. Nxa5 $6 (22. Bd3 $5) 22... Rxb2 {After the exchange of pawns black gets
an advantage. White must think about his weakness on e5 all the time} 23. Bd3
Rb4 24. Nc4 g6 25. Kh1 Be7 26. Rf4 Bb7 27. Raf1 Bd5 $17 {Activazing his pieces
and pressuring the knight on c4} 28. h3 Ra4 (28... Rc8 $5 29. Ne3 Rxf4 30. Rxf4
Qxe5) 29. Nd2 {White makes an unfortunate move and loses material. Anyway,
it's not easy to find for him a good move} Rxf4 30. Rxf4 Bg5 31. Rf2 Bxd2 32.
Qxd2 Qxe5 $17 {And in this ruined position white resigned} 0-1

[Event "Corus"]
[Site "Wijk aan Zee"]
[Date "2000.01.23"]
[Round "7"]
[White "Polgar, Judit"]
[Black "Timman, Jan H"]
[Result "1/2-1/2"]
[WhiteElo "2658"]
[BlackElo "2655"]
[Annotator "Gofshtein,L"]
[PlyCount "62"]
[EventDate "2000.01.15"]
[EventType "tourn"]
[EventRounds "13"]
[EventCountry "NED"]
[EventCategory "18"]
[SourceTitle "CBM 075"]
[Source "ChessBase"]
[SourceDate "2000.04.05"]
[SourceVersion "1"]
[SourceVersionDate "2000.04.05"]
[SourceQuality "1"]

{[%mdl 256]} 1. e4 c5 2. Nf3 d6 3. d4 cxd4 4. Nxd4 Nf6 5. Nc3 Nc6 6. Bc4 Qb6 7.
Nb3 e6 8. Bf4 Ne5 9. Be2 Bd7 10. O-O Be7 11. a4 (11. Be3 Qc7 12. f4 (12. Nd2
Bc6 (12... O-O 13. f4 Nc6 (13... Ng6 14. Bd3 (14. a4 b6 15. Bd3 Bc6 16. Qe2
Rfe8 17. Nb3 a6 18. Rae1 Bb7 19. Qf2 Nd7 20. Qf3 Bf6 21. Bd2 $11) (14. Kh1 Bc6
15. Qe1 d5 16. e5 Ne4 17. Ncxe4 dxe4 18. Nb3 Nh4 19. Bg4 Nf5 20. Bxf5 exf5 21.
Nd4 Bd7 $11 {1/2-1/2 Smirin,I-Khalifman,A/Ischia 1996 (35)}))) 13. a4 Ned7 14.
f4 O-O 15. Bf3 Rfd8 16. Qe2 b6 17. g4 a6 18. g5 Ne8 19. Bg2 Qb7 $132 {0-1
Smirin,I-Ruban,V/Tilburg 1994/Inf 61/ (46)}) 12... Nc4 13. Bd4 (13. Bxc4 Qxc4
14. Bd4 (14. e5 Ne4 15. Nxe4 Qxe4 16. Qd2 Bc6 17. exd6 Bxd6 18. Rf2 Be7 $15 {
0-1 Lamoureux,C-Makarov,M/Cup European Club Asiago Italy 1994 (39)}) 14... O-O
15. e5 dxe5 16. fxe5 Nd5 17. Qh5 Nxc3 18. Bxc3 (18. bxc3 Qd5 $15 {1-0 Zaitsev,
I-Kiselev,S/Podolsk 1991 (48)}) 18... Bb5 (18... Bc6 19. Na5 $11) 19. Rfe1 Rad8
$15) 13... O-O (13... Nxb2 14. Nb5 $1 $18) 14. e5 dxe5 15. fxe5 Nxe5 16. Bxe5
Qxe5 17. Rxf6 Bxf6 18. Qxd7 Qe3+ 19. Kf1 $132 {1/2-1/2 Lamoureux,C-Lepelletier,
B/Chambery Ch-FRA Accession 1994 (26)}) (11. Kh1 O-O 12. Be3 Qc7 13. Nd2 b5 14.
f4 Nc4 15. Nxc4 bxc4 16. Bf3 e5 17. Qe2 Rac8 18. Rfd1 Qb7 19. Rab1 $14 {
1-0 Suetin,A-Higatsberger,M/Velden ,EXT 1995 (40)}) 11... O-O (11... a6 12. a5
Qc7 13. Nd2 O-O 14. Be3 Bc6 15. f4 Ned7 16. Bf3 e5 17. f5 b5 18. axb6 Nxb6 19.
Kh1 Bb7 20. Qe2 h6 21. Rfd1 Rfc8 22. Bxb6 Qxb6 23. Nc4 Qc7 24. b3 Bc6 $11 {
1/2-1/2 Svidler,P-Ruban,V/Novosibirsk (RUS) 1995 (62)}) 12. a5 Qc7 13. a6 $5 {
This idea we can see in the game Rublevsky - Svidler} (13. Qd4 Bc6 (13... a6
14. Bg3 Bc6 15. f4 Ned7 16. e5 $14) 14. a6 b6 15. Qe3 Ng6 16. Bg3 e5 17. Rad1
Rad8 18. f4 exf4 19. Bxf4 Nxf4 20. Qxf4 b5 $11 {1/2-1/2 Rublevsky,S-Svidler,P/
Novosibirsk 1995/CBM 50/ (25)}) 13... Rfb8 $5 (13... Bc6 $5 14. axb7 (14. Qd4
b6 15. Rfd1 (15. Bg3 Ng6 16. Rfd1 (16. f4 e5 $11) 16... Rfd8 17. Qe3 e5 18. Bf3
Rac8 19. Rd3 Qd7 20. Nd2 b5 21. b4 $132 {0-1 Schneider,D-Yermolinsky,A/Eastern
Open, Washington DC USA 1997 (55)}) 15... Rac8 16. Rd2 $14 {[%csl Yc2][%cal
Gc3b5]}) 14... Bxb7 15. Qd4 $14) (13... b5 14. Nd4 b4 (14... Rab8 15. Ndxb5 $16
) 15. Ncb5 Qb8 16. Bg5 h6 17. Bxf6 Bxf6 18. Ra4 $14 {[%csl Rb4]}) (13... bxa6
14. Bxa6 $14) 14. axb7 Rxb7 15. Be3 (15. Bc1 $5 {[%csl Yb2][%cal Gf2f4,Gb3a5]}
Rab8 16. f4 (16. Na5 $2 Rxb2 17. Bxb2 Rxb2 18. Qd2 d5 $17) 16... Ng6 17. Bd3
$132) 15... Rb4 (15... Bc6 16. f4 (16. f3 d5 $11) 16... Ned7 17. Bf3 Nc5 18.
Nxc5 dxc5 19. b3 Rd8 20. Qe1 $14) 16. f3 (16. f4 Nc4 17. Bxc4 Rxc4 $11) 16...
a5 17. Ra2 (17. f4 Nc4 (17... Ng6 $132) 18. Bxc4 Rxc4 19. Qd3 a4 20. Nd2 Rb4
21. Ra2 $11) 17... a4 18. Nd4 Nc4 19. Bxc4 Qxc4 (19... Rxc4 20. Qd3 (20. Ndb5
Qb8 $15) 20... Rb8 21. Rfa1 d5 22. exd5 Nxd5 23. Nxd5 exd5 24. b3 $11) 20. Qa1
Rc8 ({Black can try to open the game for par of Bishops} 20... e5 21. Nde2 $1 (
21. Nf5 Bxf5 22. exf5 d5 23. b3 Qc8 24. Nxa4 Qxf5 25. Nc5 Rxa2 26. Qxa2 Rb8 $15
) (21. Nb3 d5 22. exd5 Nxd5 23. Nd2 Qc6 24. Nxd5 Qxd5 $15) 21... d5 22. b3 Qc7
23. Nxd5 Nxd5 24. exd5 Bd6 $132 {[%csl Ra4,Yd6,Yd7][%cal Ge5e4]}) 21. Rd1 e5
22. Nde2 Bc6 $5 (22... Be6 {[%cal Gd6d5]} 23. Nc1 (23. Rxa4 Rxa4 24. Qxa4 Qxa4
25. Nxa4 Rxc2 26. Nec3 Bb3 $15) 23... Qc6 (23... d5 24. exd5 (24. Nd3 d4 25.
Nxe5 Qc7 $17 {[%csl Rc3,Re3,Re5]}) 24... Nxd5 25. Nxd5 Bxd5 26. b3 $1 (26. c3
Bc5 27. Bxc5 Qxc5+ 28. Kh1 {[%tqu "En","?","","","d5f3","",10]} Bxf3 $3 29.
cxb4 (29. gxf3 Qf2 $19) 29... Qf2 30. Rg1 Rc2 $19) 26... axb3 27. cxb3 Qc6 (
27... Qc3 28. Qxc3 Rxc3 29. Rxd5 Rxe3 30. Ra8+ Bf8 31. Rdd8 $18) 28. Ra6 Bc5
29. Rxc6 Bxe3+ 30. Kh1 Bxc6 31. Qxe5 $18) 24. Nd3 Rc4 25. Ra3 $11) 23. Nc1 Bd7
(23... d5 $2 24. b3 $1 {[%csl Rc4]} axb3 25. cxb3 Rxb3 26. Nxb3 Qxb3 27. Rb1
Qc4 28. Nxd5 Nxd5 29. exd5 Qxd5 30. Ra7 $14) 24. Nd3 Rbb8 25. Rd2 Ra8 26. Ra3
h6 27. Ra2 Bd8 28. Ra3 Ba5 29. Rf2 {Black have space advantage and par of
Bishops, but can't increase pressure.} Bd8 30. Rd2 Ba5 31. Rf2 Bd8 1/2-1/2